Đại học Thủ Dầu Một: Triển khai xây dựng chương trình đào tạo mới theo mô hình CDIO
Guardat en:
| Autor principal: | |
|---|---|
| Format: | Llibre |
| Idioma: | Undetermined |
| Publicat: |
http://baobinhduong.vn
|
| Matèries: | |
| Accés en línia: | http://lrc.tdmu.edu.vn/opac/search/detail.asp?aID=2&ID=21105 |
| Etiquetes: |
Afegir etiqueta
Sense etiquetes, Sigues el primer a etiquetar aquest registre!
|
| Thư viện lưu trữ: | Trung tâm Học liệu Trường Đại học Thủ Dầu Một |
|---|
| LEADER | 00711nam a2200145Ia 4500 | ||
|---|---|---|---|
| 001 | TDMU_21105 | ||
| 008 | 210410s9999 xx 000 0 und d | ||
| 082 | |a 378 | ||
| 100 | |a Tiểu My | ||
| 245 | 0 | |a Đại học Thủ Dầu Một: Triển khai xây dựng chương trình đào tạo mới theo mô hình CDIO | |
| 245 | 0 | |c Tiểu My | |
| 260 | |a http://baobinhduong.vn | ||
| 650 | |a CDIO; Đào tạo; Đại học Thủ Dầu Một; Giảng viên; Đại học Thủ Dầu Một |x Đào tạo |x Mô hình CDIO; Giáo dục đại học | ||
| 856 | |u http://lrc.tdmu.edu.vn/opac/search/detail.asp?aID=2&ID=21105 | ||
| 980 | |a Trung tâm Học liệu Trường Đại học Thủ Dầu Một | ||